| 000 | 02030cam a22005054i 4500 | ||
|---|---|---|---|
| 003 | PE-LiUPU | ||
| 005 | 20250731165648.0 | ||
| 008 | 150616s1992 ag r 000 0 spa d | ||
| 020 | _a9509368113 | ||
| 035 | _a(Sirsi) i9789509368118 | ||
| 035 | _a(Sirsi) i9789509368118 | ||
| 040 |
_aPE-LiUPU _bspa _cPE-LiUPU _erda |
||
| 049 | _aPRUA | ||
| 082 | 0 | 4 |
_a230.16 _bI59 _221 |
| 110 | 2 | _aInstituto Superior Evangélico de Estudios Teológicos | |
| 245 | 1 | 0 | _aBibliografía Teológica Comentada; del área Iberoaméricana. |
| 264 | 1 |
_aBuenos Aires, Argentina : _bInstituto Superior Evangélico de Estudios Teológicos, _c1992. |
|
| 300 |
_a828 páginas ; _c22 centímetros |
||
| 336 |
_atext _2rdacontent |
||
| 337 |
_aunmediated _2rdamedia |
||
| 338 |
_avolume _2rdacarrier |
||
| 505 | 0 | _aCiencias sociales en correlación -- Teología práctoca -- Historia de las iglesias -- Biblia -- Contexto bíblico -- Teología sistematica -- Indice temático -- Indice bíblico -- Indice Ecuménico -- Indice de autores. | |
| 526 | _aSEG44 | ||
| 526 | _aSEG26 | ||
| 526 | _aP151 | ||
| 526 | _aP150 | ||
| 526 | _aP149 | ||
| 526 | _aP146 | ||
| 526 | _aP145 | ||
| 526 | _aP126 | ||
| 526 | _aP125 | ||
| 526 | _aP92 | ||
| 526 | _aP75 | ||
| 526 | _aP74 | ||
| 526 | _aP27 | ||
| 526 | _aP15 | ||
| 650 | 0 | 4 |
_aTEOLOGIA _vBIBLIOGRAFIAS _zIBEROAMERICA (1988). |
| 910 |
_ajck _bjvq _cjck |
||
| 942 |
_2ddc _cBOOK |
||
| 949 |
_aRC 230.16 I59 _wDEWEY _c1 _i42774 _d2015-8-28 _e2015-8-28 _kCHECKEDOUT _lRC _mBUL _n1 _rM _sY _tBOOK _u2015-6-16 _xTEOLOGIA _zUNKNOWN _0COMPRA _o.CIRCNOTE. No olvidar cambiar la fecha de devolución!!!!!!! _o.STAFF. Colección Teología |
||
| 994 |
_aC0 _bPEPRU |
||
| 596 | _a1 | ||
| 999 |
_aRC 230.16 I59 _wDEWEY _c60739 _i42774 _d60739 _e2016-3-22 _f2021-11-8 _g4 _lCCODEBUL1 _mBUL _n2 _p30.00 _r1 _sY _tBOOK _u2015-6-16 _xTEOLOGIA _PP35 _0COMPRA _o.CIRCNOTE. No olvidar cambiar la fecha de devolución!!!!!!! _o.STAFF. Colección Teología |
||
| 980 |
_81 _gALBERTO SANCHEZ Responsable de Automatización |
||